| 000 -LEADER | |
|---|---|
| fixed length control field | 00383nam a22001697a 4500 |
| 005 - DATE AND TIME OF LATEST TRANSACTION | |
| control field | 20160916113136.0 |
| 008 - FIXED-LENGTH DATA ELEMENTS--GENERAL INFORMATION | |
| fixed length control field | 160916b xxu||||| |||| 00| 0 eng d |
| 020 ## - INTERNATIONAL STANDARD BOOK NUMBER | |
| ISBN | 978-81-318-0293-9 |
| 041 ## - LANGUAGE CODE | |
| Language code of text/sound track or separate title | eng |
| 100 ## - MAIN ENTRY--AUTHOR NAME | |
| Personal name | CHOUHAN,B.S |
| 245 ## - TITLE STATEMENT | |
| Title | ENGINEERING CHEMISTRY |
| 250 ## - EDITION STATEMENT | |
| Edition statement | 2nd |
| 260 ## - PUBLICATION, DISTRIBUTION, ETC. (IMPRINT) | |
| Name of publisher | LAXHMI |
| Year of publication | 2008 |
| 300 ## - PHYSICAL DESCRIPTION | |
| Number of Pages | 642 |
| 650 ## - SUBJECT ADDED ENTRY--TOPICAL TERM | |
| Topical Term | ENGINEERING |
| 942 ## - ADDED ENTRY ELEMENTS (KOHA) | |
| Koha item type | Books |
| Lost status | Damaged status | Collection code | Home library | Current library | Shelving location | Date acquired | Source of acquisition | Cost, normal purchase price | Accession Number | Koha item type | Full call number |
|---|---|---|---|---|---|---|---|---|---|---|---|
| CS/IT | JRU Library | JRU Library | SHELF-56-I | 16/09/2016 | PURCHASE | 675.00 | 21270 | Books | |||
| CS/IT | JRU Library | JRU Library | SHELF-56-I | 16/09/2016 | PURCHASE | 675.00 | 21271 | Books | 660 | ||
| JRU Library | SHELF-30-A | 16/09/2016 | PURCHASE | 675.00 | 21272 | Books |